000 01079cam a2200301 a 4500
999 _c535253
_d535253
001 4714696
003 NUST
005 20200901160619.0
008 830706r19831979caua b 000 0 eng
010 _a 83014332
020 _a978-1-4462-4897-0
038 _amsohail
040 _aDLC
_cDLC
_dDLC
_dOCoLC
_dDLC
050 0 0 _aH62
_b.Q35 1983
082 0 0 _a300.72
_219
_bMIL
245 0 0 _aQualitative methodology /
_cJane Mills.
260 _aBeverly Hills :
_bSage,
_cc2014.
300 _a272 p. :
_bill. ;
_c22 cm.
500 _a"An updated reprint of the December 1979 issue of Administrative science quarterly."
504 _aIncludes bibliographies.
650 0 _aSocial sciences
_xResearch.
_93653
650 0 _aSocial sciences
_xMethodology.
_91585
700 1 _aVan Maanen, John.
_929719
856 4 2 _3Publisher description
_uhttp://www.loc.gov/catdir/enhancements/fy0654/83014332-d.html
856 4 1 _3Table of contents only
_uhttp://www.loc.gov/catdir/enhancements/fy0654/83014332-t.html
906 _a7
_bcbc
_corignew
_d1
_eocip
_f19
_gy-gencatlg
942 _2ddc
_cBK